000 00693nam a2200265Ia 4500
003 OSt
005 20241218144456.0
008 241210s9999||||xx |||||||||||||| ||und||
020 _a8181291409
040 _cSTCPL
041 _aHIN
082 _aH08
_bANI-M V.7
245 0 _aMahip singh rachnavali Vol.7 /
_cedited by Anil Kumar
_hमहीप सिंह रचनावली खंड 7
260 _aNew Delhi :
_bNaman Prakasan ,
_c2007 .
300 _a394 p.
_bHB
650 _aHindi literature
650 _aLiterary study
650 _aLiterary essays
700 _aKumar, Anil (ed.)
942 _cBK
942 _2ddc
942 _2ddc
942 _2ddc
942 _2ddc
999 _c83936
_d83936